000 00704cam a22002533a 4500
001 24864
003 PGUSA
005 20140828083532.0
008 080318s2008||||xxu|||||s|||||000 1 eng d
040 _aPGUSA
_beng
042 _adc
050 4 _aPS
100 1 _aLang, Allen Kim,
_d1928-
245 1 4 _aThe Great Potlatch Riots
_h[electronic resource] /
_cAllen Kim Lang
260 _bProject Gutenberg,
_c2008
506 _aPublic domain in the USA.
516 _aElectronic text
653 _aConsumption (Economics) -- Fiction
653 _aShort stories
653 _aScience fiction
830 0 _aProject Gutenberg
_v24864
856 4 0 _uhttp://www.gutenberg.org/ebooks/24864
942 _cEB
999 _c254119
_d254119